=LDR 00000nam 2200000 4500 =001 INLIS000000000047630 =005 20200226073726 =035 ##$$a 0010-021600000000018 =008 200226################g##########0#ind## =020 ##$$a 978.979.19899.3-0 =040 ##$$a NBPDMAT =082 ##$$a 153.8 =090 ##$$a 153.8$bMau m =100 ##$$a Maukuf =245 1#$$a Menjadi Generasi Tangguh : $b jurus jitu melejitkan pribadi muslim kokoh, energik dan mandiri /$c Maukuf; editor Syamsudin Kadir =250 ##$$a Cet. 1 =260 ##$$a Jakarta :$b Muda Cendekia,$c 2010 =300 ##$$a 160 hlm. ; $c 13 x 20 cm =650 #4$$a Motivasi =850 ##$$a NBPDMAT =084 ##$$a 153.8 MAU m =990 ##$$a 51500629